• 首页
  • 本馆介绍
  • 公告通知
  • 最新文献
  • 馆藏检索
  • 电子资源
  • 读者导购
  • 参考咨询
  • 我的图书馆
  • 登录
  • 详细信息显示
  • 放入我的书架
  • 预约/预借图书
  • 作者相关作品
  • 分类相关作品
  • 丛书相关作品
  • 出版社相关作品

书目信息

  • 表格格式
  • 工作单格式
  • 卡片格式
题名:
游戏治疗
    
 
作者: 兰德雷斯 著 ;雷秀雅 , 葛高飞 译
分册:  
出版信息: 重庆   重庆大学出版社  2011
页数: 294页
开本: 24cm
丛书名:
单 册:
中图分类: B844.1 , R749.055
科图分类:
主题词: 儿童--游戏--精神疗法
电子资源:
ISBN: 978-7-5624-5757-2
000 01123nam0 2200277 450
001 1562274112
005 20150131171805.53
010    @a978-7-5624-5757-2@dCNY45.00
100    @a20110221d2011 em y0chiy50 ea
101 1  @achi@ceng
102    @aCN@b500000
105    @aa z 000yy
200 1  @a游戏治疗@9you xi zhi liao@dPlay therapy@ethe art of the relationship@f(美)加利·兰德雷斯(Garry L. Landreth)著@g雷秀雅, 葛高飞译@zeng
210    @a重庆@c重庆大学出版社@d2011
215    @a294页@c照片@d24cm
300    @a心理咨询师系列 鹿鸣心理
330    @a本书内容包括:游戏的意义、游戏疗法的历史与发展、对儿童的看法、以儿童为中心的游戏疗法、游戏治疗师、游戏室与游戏材料、在治疗过程中的父母、促进式回应的特征、治疗中的限制设置、游戏疗法中的要点等。
510 1  @aPlay therapy@ethe art of the relationship@zeng
606 0  @a儿童@x游戏@x精神疗法
690    @aB844.1@v5
690    @aR749.055@v5
701  0 @c(美)@a兰德雷斯@9lan de lei si@c(Landreth, Garry L.)@4著
702  0 @a雷秀雅@9lei xiu ya@c(女,@f1962~)@4译
702  0 @a葛高飞@9ge gao fei@4译
801  0 @aCN@bTSSF@c20150131
905    @aZUCC@dB844.1@eJY42
    
    游戏治疗=Play therapy:the art of the relationship/(美)加利·兰德雷斯(Garry L. Landreth)著/雷秀雅, 葛高飞译.-重庆:重庆大学出版社,2011
    294页:照片;24cm
    心理咨询师系列 鹿鸣心理
    
    ISBN 978-7-5624-5757-2:CNY45.00
    本书内容包括:游戏的意义、游戏疗法的历史与发展、对儿童的看法、以儿童为中心的游戏疗法、游戏治疗师、游戏室与游戏材料、在治疗过程中的父母、促进式回应的特征、治疗中的限制设置、游戏疗法中的要点等。
●
相关链接 在E读中查询图书 在五车中查询图书 在当当中查询图书 在豆瓣中查询图书


正题名:游戏治疗     索取号:B844.1/JY42         预约/预借

序号 登录号 条形码 馆藏地/架位号 状态 备注
1 7846548   278465484   学院路分馆/ [索取号:B844.1/JY42] 在馆    
唐山师范学院图书馆 欢迎您!
大连网信软件有限公司© 版权所有